Fuchse in Kamakura : Japanisches Panorama

Enregistré dans:
Détails bibliographiques
Auteur principal: Ekert-Rotholz, Alice
Format: Livre
Langue:Undetermined
Publié: Hamburg Hoffmann & Campe 1975
Sujets:
Tags: Ajouter un tag
Pas de tags, Soyez le premier à ajouter un tag!
Thư viện lưu trữ: Trung tâm Học liệu Trường Đại học Cần Thơ
LEADER 00492nam a2200181Ia 4500
001 CTU_115132
008 210402s9999 xx 000 0 und d
082 |a 833.914 
082 |b E36 
100 |a Ekert-Rotholz, Alice 
245 0 |a Fuchse in Kamakura : 
245 0 |b Japanisches Panorama 
245 0 |c Alice Ekert-Rotholz 
260 |a Hamburg 
260 |b Hoffmann & Campe 
260 |c 1975 
650 |a Short stories, German 
980 |a Trung tâm Học liệu Trường Đại học Cần Thơ